ISO 9000 quality systems handbook : using the standards as a framework for business improvement /

Whether you are establishing a quality management system for the first time or improving your existing system, this best-selling guide to effective quality management using the ISO 9000 family of standards as a framework for business process management (BPM) and improvement is an essential addition...

Full description

Bibliographic Details
Main Author: Hoyle, David
Format: eBook
Language:English
Published: Amsterdam ; Boston ; London : Butterworth-Heinemann, 2009.
Edition:6th ed.
Subjects:
Online Access:Connect to the full text of this electronic book

MARC

Tag First Indicator Second Indicator Subfields
LEADER 00000cam a2200000Ia 4500
001 in00003468024
005 20190407114637.0
006 m o d
007 cr cn|||||||||
008 100118s2009 ne a obf 001 0 eng d
020 |a 9781856176842 
020 |a 1856176843 
035 |a (OCoLC)ocn500570974 
035 |a (OCoLC)500570974 
037 |a 176559:172985  |b Elsevier Science & Technology  |n http://www.sciencedirect.com 
040 |a OPELS  |b eng  |c OPELS  |d CDX  |d OCLCQ  |d OCLCF  |d DKDLA  |d TXA  |d UtOrBLW 
049 |a TXAM 
050 4 |a TS156  |b .H692 2009eb 
082 0 4 |a 658.562  |2 22 
100 1 |a Hoyle, David. 
245 1 0 |a ISO 9000 quality systems handbook :  |b using the standards as a framework for business improvement /  |c David Hoyle. 
246 3 |a ISO 9000 quality systems handbook - updated for the ISO 9001:2008 standard 
250 |a 6th ed. 
264 1 |a Amsterdam ;  |a Boston ;  |a London :  |b Butterworth-Heinemann,  |c 2009. 
300 |a 1 online resource (xii, 802 pages) :  |b illustrations 
336 |a text  |b txt  |2 rdacontent 
337 |a computer  |b c  |2 rdamedia 
338 |a online resource  |b cr  |2 rdacarrier 
520 |a Whether you are establishing a quality management system for the first time or improving your existing system, this best-selling guide to effective quality management using the ISO 9000 family of standards as a framework for business process management (BPM) and improvement is an essential addition to your quality bookshelf. For newcomers to the field and those needing a refresh on the fundamental principles, quality expert David Hoyle covers the crucial background including the importance and implications of quality system management, enabling those seeking ISO 9001 certification to take a holistic approach that will bring about true business improvement and sustained success. Packed with insights into how the standard has been used, misused and misunderstood, ISO 9000 Quality Systems Handbook will help you to build an effective management system, help you decide if ISO 9001 certification is right for your company and gently guide you through the terminology, requirements and implementation of practices to enhance performance. With chapter headings matched to the structure of the standard and clause numbers included for ease of reference, each chapter now also begins with a preview to help you decide which to study and which to skip. The book also includes essential concepts and principles, important issues to be understood before embarking upon implementation, different approaches that can be taken to achieving, sustaining and improving quality, and guidance on system assessment, certification and continuing development. Clear tables, summary checklists and diagrams make light work of challenging concepts and downloadable template report forms, available from the book's companion website, take the pain out of compiling the necessary documentation. Don't waste time trying to achieve certification without this tried and trusted guide to improving your business-let David Hoyle lead you towards a better quality management system and see the difference it can make to your processes and profits! * Reduce your need for expensive training and consultancy services with this authoritative, clear and unambiguous guide to quality management from one of the world's foremost experts on the ISO 9000 family of standards. * Develop a process based management system that enables your organization to satisfy its customers and other stakeholders as well as conform to ISO 9001:2008 with hard-won information from quality auditors and industry experts. * Explains the concepts and requirements with compelling case studies, summaries of the essential learning points and check lists to ensure certification is achieved without delays caused by oversights. Downloadable template report forms also available on the book's companion website! 
505 0 |a Putting ISO 9000 in context -- Defining and characterizing quality -- The importance and role of stakeholders -- Anatomy of the standards -- A practical guide to using these standards -- A flawed approach -- A systems approach -- A process approach -- A behavioural approach -- Establishing a quality management system -- Documenting a quality management system -- Document control -- Management commitment -- Customer focus -- Quality policy -- Quality objectives and planning -- Responsibility, authority and communication -- Management review -- Determining and providing resources -- Human resources -- Infrastructure -- Work environment -- Planning product realization processes -- Customer-related processes -- Design and development -- Purchasing -- Production and service provision -- Monitoring, measurement, analysis and improvement processes -- Customer satisfaction -- Internal audit -- Measurement and monitoring of products and processes -- Control of monitoring and measuring equipment -- Control of nonconforming product -- Analysis of data -- Continual improvement -- Corrective action -- Preventive action -- Self assessment -- System certification -- Beyond ISO 9001 certification -- Related web sites -- Related standards -- Glossary -- Index. 
500 |a Previous edition: 2006. 
504 |a Includes bibliographical references and index. 
504 |a Includes web resources. 
588 |a Description based on print version record. 
500 |a Electronic resource. 
650 0 |a ISO 9000 Series Standards  |v Handbooks, manuals, etc. 
650 7 |a ISO 9000 Series Standards.  |2 fast  |0 (OCoLC)fst00966404 
650 7 |a Electronic books.  |2 local 
655 7 |a Handbooks, manuals, etc.  |2 fast  |0 (OCoLC)fst01423877 
776 0 8 |i Print version:  |a Hoyle, David.  |t ISO 9000 quality systems handbook.  |b 6th ed.  |d Amsterdam ; Boston ; London : Butterworth-Heinemann, 2009  |z 9781856176842  |z 1856176843  |w (OCoLC)317254433 
856 4 0 |u http://proxy.library.tamu.edu/login?url=http://www.sciencedirect.com/science/book/9781856176842  |z Connect to the full text of this electronic book  |t 0 
994 |a C0  |b TXA 
948 |a cataloged  |b h  |c 2014/8/14  |d c  |e jlanham  |f 11:49:40 am 
999 |a MARS 
999 f f |s f5f41a93-9dcc-3428-ba1f-5e687662615c  |i 0e8d3d03-e23f-347d-a185-fe512a4b4342  |t 0 
952 f f |a Texas A&M University  |b College Station  |c Electronic Resources  |d Available Online  |t 0  |e TS156 .H692 2009eb  |h Library of Congress classification 
998 f f |a TS156 .H692 2009eb  |t 0  |l Available Online